| 000 | 00918nas a2200313 4500 | ||
|---|---|---|---|
| 001 | BR2013000257 | ||
| 003 | BR-BrBNA | ||
| 005 | 20231205121750.0 | ||
| 007 | ta | ||
| 008 | 230509b bl.|||p| |||| 00| 00por d | ||
| 040 |
_aBR-BrBNA _bpor _cBiblioteca Nacional de Agricultura |
||
| 041 | _a(Pt) | ||
| 072 | _aF01 | ||
| 100 | 1 | _aAlbrecht, L.P. | |
| 100 | 1 | _aBraccini, A. de L. e | |
| 100 | 1 | _aÁvila, M.R. | |
| 100 | 1 | _aBarbosa, M.C. | |
| 100 | 1 | _aRicci, T.T. | |
| 100 | 1 | _aAlbrecht, A.J.P. | |
| 245 | 1 | _aAplicação de biorregulador na produtividade do algodoeiro e qualidade de fibra | |
| 650 | _aALGODÃO | ||
| 650 | _aREGULADOR DE CRESCIMENTO | ||
| 650 | _aPRODUTIVIDADE | ||
| 650 | _aFIBRA | ||
| 650 | _aSEMENTE | ||
| 773 | 0 |
_tScientia Agrária (Brazil) _xISSN 1519-1125 _g(May-Jun 2009), v. 10(3) p. 191-198 _wBR2013000257 |
|
| 909 |
_a202311 _bLúcia _c55 _dLúcia Elande |
||
| 942 |
_2AGRIS _n0 _cANA |
||
| 999 |
_c225141 _d225141 |
||